| 000 | 00743nam a22002770a 4500 | ||
|---|---|---|---|
| 001 | PT19721 | ||
| 003 | AR-LpoUNG | ||
| 005 | 20210131232859.0 | ||
| 008 | 191001s1993||||sp |||||||||||||||||spa d | ||
| 020 |
_a8488344066 _c$2.00 |
||
| 040 |
_aAR-LpoUNG _bspa _cAR-LpoUNG _eaacr |
||
| 041 | _aspa | ||
| 044 | _asp | ||
| 082 | 0 | _aA863 246via | |
| 100 | 1 | _aSarmiento, Domingo Faustino | |
| 245 | 1 | 0 | _aViajes por Europa, Africa y América 1845-1847 |
| 250 | _a1§ edición | ||
| 260 |
_aMadrid : _bFondo de Cultura Económica, _c1993. |
||
| 300 |
_axxvii, 1108 p. : _btbls. |
||
| 650 | 4 | _aARGENTINA | |
| 650 | 4 | _aLITERATURA | |
| 653 | _aLITERATURA ARGENTINA | ||
| 700 | 1 |
_aFernández, Javier _ecoor. |
|
| 905 | _a19721 | ||
| 942 | _cLIB | ||
| 999 |
_c17978 _d17978 |
||